Sanat - " Jos pääsen maaliin" - Kuumaa - Statistics

Yleistilastot
  • Tätä visaa on pelattu 41 kertaa
  • Keskiarvotulos 97 / 125
Vastaustilastot
Vastaus % Oikein
jo
100%
Jos
100%
kun
100%
maaliin
100%
pääsen
100%
se
100%
kanssa
95%
on
95%
saa
95%
sen
95%
et
90%
Et
90%
ja
90%
mennyttä
90%
myös
90%
olla
90%
toivon
90%
Ei
85%
ei
85%
kiittäen
85%
mielekkään
85%
nuoruuden
85%
onnistuakseen
85%
teen
85%
vaatii
85%
Vanhuus
85%
voi
85%
baariin
80%
jokainen
80%
Lähtisin
80%
listalla
80%
myöskin
80%
oo
80%
päivä
80%
rakkaus
80%
sellaista
80%
soittelen
80%
täällä
80%
toiveiden
80%
toivoisin
80%
viimein
80%
viimeinen
80%
viuluu
80%
hiukset
75%
jonka
75%
kaa
75%
kävelisin
75%
kiire
75%
läpi
75%
mul
75%
mut
75%
olemaan
75%
ongelmien
75%
ootan
75%
Oppisin
75%
rantaan
75%
silti
75%
sunnuntai-iltaisin
75%
vaalenee
75%
vahva
75%
viisas
75%
aaltoja
70%
ihminen
70%
itkee
70%
jäätelökiskalla
70%
kohina
70%
kuuntelemaan
70%
loppuu
70%
nauraa
70%
ois
70%
pisteen
70%
poukkoilu
70%
Saavutan
70%
Tiskaisin
70%
tiskit
70%
vaikka
70%
vaimenee
70%
Huolet
65%
huolettomuuteen
65%
Lähtöni
65%
lähtöön
65%
mistään
65%
niin
65%
tarkka
65%
tullutkaan
65%
tuttua
65%
vaihtunu
65%
valmista
65%
muistuttaen
60%
saapuvan
60%
Valmiina
60%
vielä
60%
oisin
55%
onnellinen
55%
haave
50%
lempeenä
50%
sitä
50%
ystävän
50%
Antaisin
45%
lämpöö
45%
takas
40%
tajusin
35%
saisin
0%
Ehtoja vastaavia visoja ei löytynyt
Tulosjakauma
Jokaisen tuloksen saaneiden osuus
Persentiili vastausten määrän mukaan
Tuloshistoriasi
Et ole pelannut tätä visaa